000 00509nam a2200169Ia 4500
008 090201s9999 xx 000 0 und d
010 _aKPL-49243
040 _bमराठी
041 _aमराठी
082 _a11934
_b49243
100 _aयु म पठाण
245 _aआठव ज्ञानदेवाचा
_cयु म पठाण
260 _c2004
_bमधुराज
300 _a92
_bमोठा
600 _aआठव ज्ञानदेवाचा
942 _cBOOK
999 _c212307
_d212307